000 00309nam a2200133Ia 4500
005 20251222143206.0
008 251222s9999||||xx |||||||||||||| ||spa||
020 _a88-08-01742-7
082 _a455/D25
100 _aDardano, Maurizio
245 0 _aGrammatica Italiana:
264 _bZanichelli
942 _cLIB
999 _c13249
_d13249